Voleibol: aprender y progresar. Más de 500 ejercicios del servicio, pase, remate y bloqueo

Gespeichert in:
Bibliographische Detailangaben
1. Verfasser: Pavlovich Pimenov, Mikhail (autor)
Format: Buch
Sprache:Spanisch
Veröffentlicht: Barcelona Paidotribo 2006
Ausgabe:3a. ed
Schriftenreihe:Colección Deporte
Schlagworte:
Tags: Tag hinzufügen
Keine Tags, Fügen Sie den ersten Tag hinzu!

MARC

LEADER 00000nam a2200000 a 4500
001 UCG3321
003 CL-VaPUC
008 100819e20060000SP |||||||||||||||||spa|d
020 |a 8480193379 
082 0 4 |a 796.325  |b PAV  |2 21 
100 |a Pavlovich Pimenov, Mikhail  |e autor  |9 552355 
245 1 0 |a Voleibol: aprender y progresar. Más de 500 ejercicios del servicio, pase, remate y bloqueo 
250 |a 3a. ed 
300 |a 297 p 
942 |c BK 
945 |d 20100819 00:00:00  |a mfarfan 
260 |a Barcelona  |b Paidotribo  |c 2006 
650 0 |a Voleibol  |9 307522 
650 7 |a DEPORTE  |2 CL-VaPUC  |9 552356 
650 7 |a ENTRENAMIENTO FISICO  |2 CL-VaPUC  |9 307393 
650 0 |a Actividad física  |9 362156 
583 |a last modification  |c 20100819 00:00:00  |k Rodrigo Vera 
490 0 |a Colección Deporte 
999 |c 342391  |d 342389 
952 |0 0  |1 0  |4 0  |6 796_325000000000000_PAV_2006  |7 0  |8 C  |9 438555  |a BIBCUR  |b BIBCUR  |d 2019-11-22  |i 4708911  |l 2  |m 2  |o 796.325 PAV 2006  |p 4708911  |r 2025-04-22  |s 2022-09-30  |w 2019-11-22  |y BK  |k DEN